| 000 | 00625nam a2200241Ia 4500 | ||
|---|---|---|---|
| 003 | OSt | ||
| 005 | 20220918191551.0 | ||
| 006 | a|||||r|||| 00| 0 | ||
| 007 | ta | ||
| 008 | 220917b |||||||| |||| 00| 0 eng d | ||
| 024 | _a64,112 | ||
| 037 | _cTextual | ||
| 040 |
_aARTS _cARTS _beng |
||
| 041 |
_2eng _aeng |
||
| 082 | _aR, N41 | ||
| 100 |
_aBhaskar R _976666 |
||
| 245 | 0 |
_aPlato etc _b the problems of philosophy and their resolution |
|
| 260 |
_aLondon _bVerso _c1994 |
||
| 300 |
_axii, 267p. _ccm. |
||
| 650 | _aPHILOSOPHY | ||
| 942 |
_hR, N41 _cTEXL _2CC |
||
| 999 |
_c190588 _d190588 |
||